My Top 25 NBA Players OAT - Statistics

General Stats
  • This quiz has been taken 33 times
    13 since last reset
  • The average score is 21 of 25
Answer Stats
Retirement year Player % Correct
2019 Dirk Nowitzki
100%
2016 Kobe Bryant
100%
2003 Michael Jordan
100%
1973 Wilt Chamberlain
100%
1969 Bill Russell
86%
2026 Chris Paul
86%
2019 Dwyane Wade
86%
1974 Jerry West
86%
1989 Kareem Abdul-Jabbar
86%
Unretired Kevin Durant
86%
1992 Larry Bird
86%
Unretired LeBron James
86%
1996 Magic Johnson
86%
2008 Scottie Pippen
86%
2011 Shaquille O'Neal
86%
Unretired Stephen Curry
86%
2016 Tim Duncan
86%
2000 Charles Barkley
71%
2003 David Robinson
71%
2002 Hakeem Olajuwon
71%
1987 Julius Erving
71%
2016 Kevin Garnett
71%
Unretired Nikola Jokic
71%
1972 Elgin Baylor
57%
1974 Oscar Robertson
57%
No matching quizzes found
Score Distribution
Percent of People with Each Score
Percentile by Number Answered
Your Score History
You have not taken this quiz since the last reset